000 00231nam a2200121Ia 4500
100 _a#N/A
942 _cBK
245 _aSTRUUTS 2 WITH HIBERNATE 3 Project
260 _b#N/A
082 _b21556
546 _aENGLISH
999 _c32470
_d32470